| 000 | 00357pab a2200145 454500 | ||
|---|---|---|---|
| 008 | 180718b1991 xxu||||| |||| 00| 0 eng d | ||
| 100 | _aKrishnamurthy, V. | ||
| 245 | _aLabour - management partnerships for global competitiveness | ||
| 260 | _c1991 | ||
| 300 | _a5,8 | ||
| 362 | _a15 Apr. | ||
| 650 | _aLabour | ||
| 773 | _aIndian Worker | ||
| 909 | _a12256 | ||
| 999 |
_c12256 _d12256 |
||